000 00507nam a22001697a 4500
003 BD-DhBUF
005 20250517101817.0
008 250517b bg ||||| |||| 00| 0 ben d
020 _a1870547012
040 _aBD-DhBUF
_cBD-DhBUF
245 _aScottish cashmere :
_bthe viable alternative /
_cEdited by A. J. F. Russel.
260 _aNew Zealand :
_bScottish Cashmere Producers Association ,
_c1986.
300 _avii,126p. :
_c20cm. ;
526 _aTE, AMT,KMT
650 _aScottish
_9836
942 _2ddc
_cBK
999 _c2356
_d2356